Letanía de nuestro señor Don Quijote / (Record no. 51863)

MARC details
000 -LEADER
campo de control de longitud fija 00618nam a2200181 i 4500
001 - NÚMERO DE CONTROL
campo de control 51863
003 - IDENTIFICADOR DE NÚMERO DE CONTROL
campo de control ES-MaACL
005 - FECHA Y HORA DE LA ÚLTIMA TRANSACCIÓN
campo de control 20240225063050.0
007 - CAMPO FIJO DE DESCRIPCIÓN FÍSICA--INFORMACIÓN GENERAL
campo de control de longitud fija t|
008 - DATOS DE LONGITUD FIJA--INFORMACIÓN GENERAL
campo de control de longitud fija 030820s1966 sp ||||1| spa d
100 1# - ENTRADA PRINCIPAL--NOMBRE DE PERSONA
Nombre de persona Darío, Rubén,
Fechas asociadas al nombre 1867-1916
9 (RLIN) 42720
245 10 - MENCIÓN DEL TÍTULO
Título Letanía de nuestro señor Don Quijote /
Mención de responsabilidad, etc. Rubén Darío.
260 ## - PUBLICACIÓN, DISTRIBUCIÓN, ETC.
Lugar de publicación, distribución, etc. Madrid :
Nombre del editor, distribuidor, etc. Afrodisio Aguado,
Fecha de publicación, distribución, etc. [1966]
300 ## - DESCRIPCIÓN FÍSICA
Extensión 14 p. ;
Dimensiones 20 cm.
500 ## - NOTA GENERAL
Nota general En la cubierta: "Edición conmemorativa de Afrodisio Aguado, S.A. Año Nuevo de mil novecientos sesenta y siete"
852 ## - LOCALIZACIÓN
Ubicación ES-MaACL
Número de control de estantería 2055-F-25
Sublocalización o colección R.61652
Holdings
Estatus retirado Estado de pérdida Estado de daño No para préstamo Colección Biblioteca de origen Biblioteca actual Ubicación en estantería Fecha de adquisición Fuente de adquisición Total de préstamos Signatura topográfica completa Código de barras Visto por última vez Precio de reemplazo Tipo de ítem Koha
        Colección de folletos Biblioteca del Ateneo de Madrid Biblioteca del Ateneo de Madrid Depósito folletos 17/01/2008     2055-F-25 1054532 23/02/2023 23/02/2023 Folleto